Sports Quiz

Random Sports or Country Quiz
Score 0/22 Timer 06:00
0 Plays Today
Country % Correct
USA
96.2%
Latvia
93.1%
Estonia
89.1%
Lithuania
88.1%
France
87.7%
Australia
87.2%
Canada
85.4%
Serbia
83.6%
Germany
82.8%
Brazil
76.1%
Croatia
72.6%
Country % Correct
Mexico
69.5%
Finland
67.7%
Greece
67%
Slovenia
66.8%
Ukraine
62.1%
Norway
47.3%
New Zealand
43.5%
Hungary
42.3%
Czech Republic
38.3%
Puerto Rico
33.7%
Senegal
27.4%
Remove Ads.
Support Sporcle.
Get the best of Sporcle when you Go Orange. This ad-free experience offers more features, more stats, and more fun while also helping to support Sporcle. Thank you for becoming a member.

You're not logged in!

Compare scores with friends on all Sporcle quizzes.
OR
Log In

Sporcle TV

Today on Sporcle TV


Watch our educational content, quiz creation guides, and fun videos on Sporcle TV.

Show Comments

Extras

Top Quizzes Today


Score Distribution

Paid Content

Your Account Isn't Verified!

In order to create a playlist on Sporcle, you need to verify the email address you used during registration. Go to your Sporcle Settings to finish the process.

Report this User

Report this user for behavior that violates our Community Guidelines.

Details: